[Event "Olomouc Seniors op"]
[Site "Olomouc"]
[Date "2022.08.14"]
[Round "2"]
[White "Mikulas, Dusan"]
[Black "Huncar, Martin"]
[Result "1-0"]
[WhiteElo "2045"]
[BlackElo "1841"]
[PlyCount "55"]
[EventDate "2022.08.13"]
[EventType "swiss"]
[EventRounds "9"]
[EventCountry "CZE"]
[SourceTitle "CBM 209 Extra"]
[Source "ChessBase"]
[SourceDate "2022.09.30"]
[SourceVersion "1"]
[SourceVersionDate "2022.09.30"]
[SourceQuality "1"]

1. e4 c5 2. Nf3 e6 3. d4 cxd4 4. Nxd4 Nf6 5. Bd3 Nc6 6. Nxc6 bxc6 7. 0-0 d5 8. e5 Nd7 9. Bf4 Rb8 10. b3 Qc7 11. Re1 f5 12. g4 Nc5 13. gxf5 Nxd3 14. cxd3 exf5 15. d4 Be6 16. Nc3 g5 17. Bd2 f4 18. Na4 h5 19. Qc2 Rg8 20. Rac1 Rc8 21. Nc5 Bxc5 22. Qxc5 Qd7 23. Bb4 Bh3 24. e6 Qc7 25. Re5 g4 26. Rf5 Qg7 27. Rf7 Qg5 28. Rf8+ 1-0

[Event "Bratislava Slovan op"]
[Site "Bratislava"]
[Date "2019.05.03"]
[Round "3"]
[White "Benci, Rudolf"]
[Black "Huncar, Martin"]
[Result "0-1"]
[WhiteElo "1622"]
[BlackElo "1845"]
[PlyCount "112"]
[EventDate "2019.05.01"]
[EventType "swiss"]
[EventRounds "9"]
[EventCountry "SVK"]
[SourceTitle "CBM 190 Extra"]
[Source "ChessBase"]
[SourceDate "2019.07.15"]
[SourceVersion "1"]
[SourceVersionDate "2019.07.15"]
[SourceQuality "1"]

1. d4 Nf6 2. Bf4 e6 3. e3 b6 4. Nd2 Bb7 5. Ngf3 c5 6. c3 Be7 7. Bd3 Nh5 8. Be5 d6 9. Bg3 Nd7 10. h4 Nxg3 11. fxg3 Qc7 12. e4 Rc8 13. 0-0 0-0 14. g4 Nf6 15. g5 Ng4 16. Qe2 Qd7 17. e5 dxe5 18. dxe5 Rfd8 19. Ne1 h5 20. Rd1 Qc7 21. Nef3 c4 22. Nxc4 Rxd3 23. Qxd3 Qxc4 24. Qxc4 Rxc4 25. Rd7 Bc5+ 26. Kh1 Bxf3 27. gxf3 Nxe5 28. Rd8+ Kh7 29. f4 Nc6 30. Rd3 a5 31. Kg2 e5 32. Rd7 Kg8 33. Rc7 Bd6 34. Rc8+ Kh7 35. Rd1 Be7 36. Rd7 Rxf4 37. Rxc6 Bc5 38. Rxc5 bxc5 39. Kg3 Kg6 40. Rd5 Rg4+ 41. Kh3 f6 42. Rxc5 e4 43. Rd5 e3 44. Rd1 f5 45. Re1 f4 46. c4 Rg3+ 47. Kh2 Rf3 48. Kg2 Rf2+ 49. Kg1 Rxb2 50. Rc1 f3 51. c5 Rg2+ 52. Kh1 Rd2 53. Kg1 e2 54. Re1 Rd1 55. Kf2 Rxe1 56. Kxe1 Kf7 0-1

[Event "Bratislava Slovan op"]
[Site "Bratislava"]
[Date "2018.05.02"]
[Round "8"]
[White "Kulik, Juraj"]
[Black "Huncar, Martin"]
[Result "0-1"]
[WhiteElo "1559"]
[BlackElo "1838"]
[PlyCount "216"]
[EventDate "2018.04.27"]
[EventType "swiss"]
[EventRounds "9"]
[EventCountry "SVK"]
[SourceTitle "EXT 2023"]
[Source "ChessBase"]
[SourceDate "2022.10.05"]
[SourceVersion "1"]
[SourceVersionDate "2022.10.05"]
[SourceQuality "1"]

1. d4 Nf6 2. c4 e6 3. Nc3 Bb4 4. Bd2 d5 5. e3 b6 6. a3 Be7 7. Nf3 0-0 8. Bd3 dxc4 9. Bxc4 Bb7 10. 0-0 Nbd7 11. b4 Ne4 12. Nxe4 Bxe4 13. Bc3 c6 14. Rc1 a5 15. Bd3 Bg6 16. Qc2 Qc7 17. e4 axb4 18. axb4 Ra7 19. Bd2 Rc8 20. b5 cxb5 21. Qxc7 Rcxc7 22. Rb1 Nf6 23. Rxb5 Nxe4 24. Bxe4 Bxe4 25. Rxb6 Rcb7 26. Rxb7 Rxb7 27. Rc1 Bxf3 28. gxf3 h6 29. Kg2 Kh7 30. Rd1 Kg6 31. Be3 Rd7 32. Rd2 Rd5 33. Rc2 Bd6 34. f4 Kf5 35. Kf3 h5 36. h4 Be7 37. Rc7 Kf6 38. Rc4 Rd7 39. Ra4 Kf5 40. Ra5+ Rd5 41. Ra7 Kf6 42. Ra1 Kf5 43. Ra7 Kf6 44. Ra1 Kg6 45. Kg3 Bf6 46. Ra4 Rd7 47. Ra5 Bxd4 48. Rg5+ Kh6 49. Kf3 Bf6 50. Rg2 Bxh4 51. f5+ Kh7 52. Rh2 Bf6 53. Rxh5+ Kg8 54. fxe6 fxe6 55. Rh1 Kf7 56. Ke4 Rd5 57. f4 Rf5 58. Rb1 Ra5 59. Rb7+ Kg6 60. Rb6 Ra4+ 61. Kf3 Kf5 62. Rb5+ Kg6 63. Rb6 Kf7 64. Rb7+ Kg6 65. Rb6 Kf5 66. Rb5+ e5 67. fxe5 Bxe5 68. Bc1 Ke6 69. Rb6+ Kf5 70. Rb5 Ke6 71. Rb6+ Kf7 72. Rb7+ Kg6 73. Rb6+ Kh7 74. Rb5 Bf6 75. Rh5+ Kg6 76. Rb5 Rc4 77. Bd2 Rd4 78. Bc1 Rd3+ 79. Ke4 Rd1 80. Bf4 Rf1 81. Ra5 Rh1 82. Rb5 Re1+ 83. Kf3 Rf1+ 84. Ke4 Rd1 85. Kf3 Rd3+ 86. Ke4 Rd4+ 87. Kf3 Ra4 88. Rd5 Kf7 89. Rb5 Ra6 90. Kg4 Re6 91. Rb7+ Kg6 92. Rb5 Re4 93. Kf3 Re1 94. Kg4 Rg1+ 95. Kf3 Kh7 96. Rh5+ Kg8 97. Ke4 Re1+ 98. Kf3 Rb1 99. Rc5 Rb3+ 100. Kg4 Rb4 101. Kf5 Be7 102. Rc7 Rxf4+ 103. Kxf4 Bd6+ 104. Kg4 Bxc7 105. Kg5 Kf7 106. Kf5 g6+ 107. Kg5 Bd8+ 108. Kg4 Kf6 0-1